000 00652cam a2200229 i 4500
001 4096727
005 20180308045146.0
008 750207s1975 paua b 001 0 eng
010 _a 74017753
020 _a0721640184
040 _aDLC
_cDLC
_dDLC
041 _aeng
060 _aQS4 G226a
080 _a611 DEA
082 0 0 _a611 DEA
100 1 _a6
101 _aABA
245 1 0 _aAnatomy :
_cErnest Gardner, Donald J. Gray, Ronan O'Rahilly ; ill. by Caspar Henselmann.
504 _aIncludes bibliographies and index.
906 _a7
_bcbc
_corignew
_d1
_eocip
_f19
_gy-gencatlg
942 _2ddc
_cBK
999 _c44430
_d44430